Realizácia trhovo orientovaného systému ekonomického riadenia

Realizácia trhových princípov prostredníctvom decentralizovanej organizačnej štruktúry s využitím ekonomických pravidiel a nástrojov riadenia. Prípadová štúdia IRONA s.r.o. Na tomto podniku je demonštrovaný proces budovania trhovej ekonomiky vo vnútri podniku. Proces reštrukturalizácie. Ekonomická š...

Descrizione completa

Salvato in:
Dettagli Bibliografici
Autore principale: Dobšovič, Dušan
Altri autori: Mintál, Ján
Natura: Capitolo di libro
Lingua:slovacco
Soggetti:
Tags: Aggiungi Tag
Nessun Tag, puoi essere il primo ad aggiungerne!!

MARC

LEADER 00000naa a2200000 4500
001 r035336
005 20230919090105.5
041 0 |a slo 
044 |a SK 
245 1 0 |a Realizácia trhovo orientovaného systému ekonomického riadenia  |c Dušan Dobšovič, Ján Mintál 
520 |a Realizácia trhových princípov prostredníctvom decentralizovanej organizačnej štruktúry s využitím ekonomických pravidiel a nástrojov riadenia. Prípadová štúdia IRONA s.r.o. Na tomto podniku je demonštrovaný proces budovania trhovej ekonomiky vo vnútri podniku. Proces reštrukturalizácie. Ekonomická štruktúra podniku. Riadenie a správa majetku. Pravidlá a nástroje ekonomického riadenia. Hmotná zainteresovanosť. Vykonávacie predpisy ekonomického riadenia. 
610 2 0 |a riadenie podnikové 
610 2 0 |a decentralizácia 
610 2 0 |a štruktúra organizačná 
610 2 0 |a reštrukturalizácia 
610 2 0 |a nástroje riadenia 
610 2 0 |a štúdie prípadové 
610 2 0 |a štruktúra ekonomická 
610 2 0 |a zmeny organizačné 
100 1 |a Dobšovič, Dušan 
700 1 |a Mintál, Ján